000 00278nam a22000977a 4500
999 _c519505
_d519505
082 _aTNC T19 M289
100 _aMaksodov, Latif
_930592
245 _aWays of overcoming economic backwardness
_cby Latif Maksodov
260 _aMoscow
_bNovosti Press Agency
_c1972
300 _a190p